000 00498nam a2200181Ia 4500
005 20250317122938.0
008 008 250317s9999 xx 000 0 eng d
037 _aTextbook
040 _aFMSL
_beng
_cFMSL
041 _aeng
_2eng
084 _aB N4
_qFMSL
100 _aEves H
245 0 _aIntroduction to the foundations of mathematics
260 _aNY Holt
_bNY Holt, Rinehart
_c1964
300 _a363p
942 _cTB
_hB N4
999 _c1249259
_d1249259